000 00336nam a2200133 a 4500
005 20140412111414.0
008 070703s19uu xx 00 eng d
020 _a0-7214-3686-2
050 _aER
_bHu891 1991
245 _aThe hunchback of Notre Dame.
260 _aUK :
_bLadybird books,
_c1996.
440 _aDisney
999 _c105766
_d105766